000 00655nam a2200241Ia 4500
003 OSt
005 20220918202506.0
006 a|||||r|||| 00| 0
007 ta
008 220917b |||||||| |||| 00| 0 eng d
024 _a101,665
037 _cTextual
040 _aARTS
_cARTS
_beng
041 _2eng
_aeng
082 _aV2360a4.N5, M3
100 _aDavis Emmett
_9104032
245 0 _aPress and politics in British Western Punjab
_b 1836-1947
260 _aNew Delhi
_bAcademic India
_c1983
300 _a184p.
_ccm.
650 _aHISTORY
942 _hV2360a4.N5, M3
_cTEXL
_2CC
999 _c225125
_d225125